Precis de Mecanique rationnelle (Record no. 25362)

MARC details
000 -LEADER
campo de control de longitud fija 00598nam a2200181 i 4500
001 - NÚMERO DE CONTROL
campo de control 25362
003 - IDENTIFICADOR DE NÚMERO DE CONTROL
campo de control ES-MaACL
005 - FECHA Y HORA DE LA ÚLTIMA TRANSACCIÓN
campo de control 20230906153240.0
007 - CAMPO FIJO DE DESCRIPCIÓN FÍSICA--INFORMACIÓN GENERAL
campo de control de longitud fija t|
008 - DATOS DE LONGITUD FIJA--INFORMACIÓN GENERAL
campo de control de longitud fija 021226s1942 fr ||||1| fre d
100 1# - ENTRADA PRINCIPAL--NOMBRE DE PERSONA
Nombre de persona Appell, Paul.
9 (RLIN) 22111
245 10 - MENCIÓN DEL TÍTULO
Título Precis de Mecanique rationnelle
Resto del título : introduction a l'etude de la physique et de la Mecanique appliquée /
Mención de responsabilidad, etc. par Paul Appell et S. Dautheville.
250 ## - MENCION DE EDICION
Mención de edición 5e ed.
260 ## - PUBLICACIÓN, DISTRIBUCIÓN, ETC.
Lugar de publicación, distribución, etc. París :
Nombre del editor, distribuidor, etc. Gauthier-Villars,
Fecha de publicación, distribución, etc. 1942 (
Fabricante Imp. Editorial)
300 ## - DESCRIPCIÓN FÍSICA
Extensión 650 p. ;
Dimensiones 26 cm.
700 1# - ENTRADA AGREGADA--NOMBRE PERSONAL
Nombre de persona Dautheville, S.
9 (RLIN) 42838
852 ## - LOCALIZACIÓN
Ubicación ES-MaACL
Número de control de estantería F-15644
Sublocalización o colección R.19895
Holdings
Estatus retirado Estado de pérdida Estado de daño No para préstamo Biblioteca de origen Biblioteca actual Ubicación en estantería Fecha de adquisición Fuente de adquisición Total de préstamos Signatura topográfica completa Código de barras Visto por última vez Precio de reemplazo Tipo de ítem Koha
        Biblioteca del Ateneo de Madrid Biblioteca del Ateneo de Madrid Sala Pecera Planta 2 17/01/2008     F-15644 1026146 23/02/2023 23/02/2023 Libro impreso